| 000 | 01251nam a22003377a 4500 | ||
|---|---|---|---|
| 003 | CHAP | ||
| 005 | 20220817044152.0 | ||
| 008 | 070531d1997 it a rn 00110 spa d | ||
| 010 | _a93697 | ||
| 011 | _a94669 | ||
| 035 | _a105264 | ||
| 040 | _cCHAP | ||
| 090 | _aFolleto 17244 | ||
| 110 | 2 |
_aFAO. Dirección de la Mujer y de la Población _939520 |
|
| 245 | 1 | 0 |
_aGénero: _bla clave para el desarrollo sostenible y la seguridad alimentaria, de las palabras a la acción... : plan de acción para la mujer en el desarrollo, 1996-2001 _c/by FAO. Dirección de la Mujer y de la Población |
| 260 |
_aRoma : _bFAO, _c1997 |
||
| 300 |
_a32 p. : _bilus. ; gráfs. |
||
| 590 |
_aBATCH-UPD _b10 _c20130110 _lUCH01 _h1451 |
||
| 590 |
_aBATCH-UPD _b10 _c20130410 _lUCH01 _h0918 |
||
| 590 |
_aBATCH-UPD _b10 _c20130914 _lUCH01 _h0255 |
||
| 590 |
_aCONVERSION _b10 _c20130109 _lUCH01 _h1352 |
||
| 650 | 1 | 4 |
_aAlimentación. _94109 |
| 650 | 1 | 4 | _aDesarrollo sustentable. |
| 650 | 1 | 4 |
_aEnfoque de género. _936945 |
| 650 | 1 | 4 |
_aMujer en agricultura. _979359 |
| 790 | 0 | _aMujeres: llave de la seguridad alimentaria | |
| 901 | _aBK | ||
| 905 | _aMarco A. Mendoza T. | ||
| 942 | _cFOLL | ||
| 949 |
_aFolleto 17244 _bBC _cFAO _d33724002031496 _eFAO1 _gDonaciØn _i105264 _sb |
||
| 999 |
_c93697 _d93697 |
||